000 00610nam a2200229Ia 4500
003 OSt
005 20220928124401.0
006 a|||||r|||| 00| 0
007 ta
008 220927b |||||||| |||| 00| 0 eng d
024 _a74087
037 _cTextual
040 _aSDCL
_cSDCL
_beng
041 _2eng
_aeng
082 _aP111:4K, 152N1
100 _aAnand IN
_9464798
245 0 _aModern English-Hindi dictionary.
260 _aNew Delhi
_bMunshiram Manoharlal Pub
_c1991
300 _axvi,1136p
_ccm.
942 _hP111:4K, 152N1
_cTEXL
_2CC
999 _c777696
_d777696